00500nam a2200157Ia 450000500170000000800410001702000150005805000250007310000210009824501410011926000320026030000290029244000060032152100070032752600080033420140402081305.0140130s9999 xx 000 0 und d a0439256135 aBJ 1661 b.Y81 2000 aYoungs, Betty B. cBetty B. Youngs.aTaste berries for teens :binspirational short stories and encouragement on life, love, friendship, and tough issues / bScholastic,c2000.aU.S.A.: a144 p. :bill. ;c22 cm. v1 aG8 c970